Czech Republic and Slovakia in international trade and business 2012 proceedings of 12th international joint conference : april 26, 2012; Prague, Czech republic and Bratislava, Slovakia : international competitiveness & new challenges in response to economic crises
Salvato in:
| Enti autori: | , , |
|---|---|
| Altri autori: | , |
| Natura: | Libro |
| Lingua: | inglese |
| Pubblicazione: |
Praha
University of Economics, Prague, Oeconomica Publishing house
2012
|
| Soggetti: | |
| Tags: |
Nessun Tag, puoi essere il primo ad aggiungerne!!
|
MARC
| LEADER | 00000nlm a2200000 4500 | ||
|---|---|---|---|
| 001 | 0160073 | ||
| 005 | 20250814072218.8 | ||
| 020 | |a 978-80-245-1876-3 | ||
| 041 | 0 | |a eng | |
| 044 | |a CZ | ||
| 245 | 1 | 0 | |a Czech Republic and Slovakia in international trade and business 2012 |b proceedings of 12th international joint conference : april 26, 2012; Prague, Czech republic and Bratislava, Slovakia : international competitiveness & new challenges in response to economic crises |c editorial board Peter Baláž ... [et al.] |
| 264 | 1 | |a Praha |b University of Economics, Prague, Oeconomica Publishing house |c 2012 | |
| 300 | |a CD-ROM [viii, 267 s.] | ||
| 610 | 2 | 0 | |a obchod medzinárodný |
| 610 | 2 | 0 | |a podnikanie medzinárodné |
| 610 | 2 | 0 | |a konkurencieschopnosť |
| 610 | 2 | 0 | |a kríza hospodárska |
| 610 | 2 | 0 | |a kríza finančná |
| 610 | 2 | 0 | |a marketing medzinárodný |
| 610 | 2 | 0 | |a manažment medzinárodný |
| 610 | 2 | 0 | |a financie medzinárodné |
| 610 | 2 | 0 | |a rozvoj hospodársky |
| 610 | 2 | 0 | |a Česko |
| 610 | 2 | 0 | |a Slovensko |
| 700 | 1 | |a Baláž, Peter | |
| 700 | 1 | |a Hansenová, Heda | |
| 110 | 2 | |a Czech republic and Slovakia in international trade and business 2012 : international competitiveness & new challenges in response to economic crises. International joint conference | |
| 710 | 2 | |a Fakulta mezinárodních vztahů VŠE. Katedra mezinárodního obchodu | |
| 710 | 2 | |a Obchodná fakulta EU. Katedra medzinárodného obchodu | |